Davis vs. Happyland Grab Bag Quiz Stats

 Plays Quiz not verified by Sporcle

Score 0/24 Timer 10:00
0 Plays Today
% Correct
Rings
98%
Joey
98%
Andy
98%
Pearls
94%
Chase Tuchmont
94%
Hillary
94%
Kendall Oxman
92%
Reese Gardner
90%
1, 5 pentanediol
86%
1,4 butanediol
86%
Emerson Zimmer
84%
SSDD
82%
% Correct
Strict liability
80%
GHB poisoning
80%
Negligence per se
78%
asthma
78%
asphyxia
76%
one water spray bottle
72%
Denatonium
50%
500 individual rings
36%
200 individual pearls
34%
metabolism
20%
laboratory
18%
human body
12%

You're not logged in!

Compare scores with friends on all Sporcle quizzes.
OR
Log In

Show Comments

Extras

Created Sep 8, 2010ReportNominate
Tags:bag, davis

Top Quizzes Today


Score Distribution

Your Account Isn't Verified!

In order to create a playlist on Sporcle, you need to verify the email address you used during registration. Go to your Sporcle Settings to finish the process.

Report this User

Report this user for behavior that violates our Community Guidelines.

Details: